Primárne matematické vzdelávanie žiakov zo sociálne znevýhodneného prostredia

Bibliographic Details
Main Authors: Kamenický, Miroslav, 1958- (Author), Šefčíková, Dana (Author)
Format: Article
Language:Slovak

MARC

LEADER 00000nab a2200000 a 4500
001 vtls011110016
003 SK-MaSNL
005 20260303195329.0
008 230218|2008 xo |||||||||||||||||slo|
015 |a SNBRB 
035 |a (uuid)a7cf0897-3171-4e22-811a-56c918ddfacb 
035 |a (urnnbn)urn:nbn:sk:snk:ar-a08duf 
035 |a urn:nbn:sk:snk-ab9gmg 
040 |a SNKBUCL  |b slo  |c SNKBUCL  |e AACR2 
041 0 |a slo 
044 |a xo  |c SK 
100 1 |a Kamenický, Miroslav,  |d 1958-  |4 aut  |9 232740 
245 1 0 |a Primárne matematické vzdelávanie žiakov zo sociálne znevýhodneného prostredia  |c Miroslav Kamenický, Dana Šefčíková 
700 1 |a Šefčíková, Dana  |4 aut  |9 1228452 
773 0 |t Disputationes scientificae Universitatis catholicae in Ružomberok  |g Roč. 8, č. 2 (2008), s. 46-59 
954 |a odborná, vedecká literatúra pôvodná (slovenská)  |2 lita 
958 |a OND 
958 |a EUIPO 
958 |a article13 
999 |c 2162016  |d 2163946